02361nam a2200349uu 4500001000800000005001700008007001000025008004100035035001200076040001300088041000800101080000600109082000800115100005200123245015000175260003500325300001300360520093000373650003501303650004401338650005701382650002601439650005101465700005501516856006101571942001001632999001901642502001201661526000801673952016101681952016901842149738420260508092636.0co|||||||180615s2018 spa  a1497384 ccomduadb aspa aP 4a36410aTabares Pulgarin, Mariantonia4auteaut976961910aPolítica pública y actuación de las organizaciones no gubernamentales frente a las victimas del secuestro en Colombia desde 1970 hasta 2012 aMedellín :bAutor(a),c2018. a1 CD-ROM3 a El trabajo de política pública y actuaciones de las organizaciones no gubernamentales frente a las víctimas del secuestro en Colombia desde 1970 hasta 2012, es una monografía que da cuenta de las acciones que ha emprendido el Gobierno Nacional en beneficio de las víctimas del secuestro, Sin embargo, estos no han sido los únicos que han puesto en marcha acciones para comprender el fenómeno del secuestro y, para atender y reparar a las víctimas; distintas Organizaciones No Gubernamentales nacionales e internacionales se han puesto en esta tarea en el país desde hace varios años, incluso, en muchos casos han sido estas organizaciones las que han instalado el problema del secuestro en la agenda pública e incidido para su inclusión en las agendas gubernamentales; estableciendo un comparativo entre ambos actores y generando unas conclusiones de intervención según periodos presidenciales.  7aSecuestrozColombia2lemb9801 aVíctimas del conflicto armado9214139 0aVíctimas de crímenes violentoszColombia9189988 aTercer sector9132465 7aPolíticas públicaszColombia2embne96919710aGonzález Díaz, Sandra Milena4thseths94645864 uhttps://bibliotecadigital.udea.edu.co/handle/10495/27784 cTESIS c781318d781318 b132c14 a134 001040708TESISaIEPbIEPd2018-06-20eMaterial adquirido por donacióniC1287552l0oP03179 CD-ROMp0962549r2023-05-04 00:00:00t1w2023-05-04yDIGITAL 001040708TESDIGBCaBCbBCd2018-08-03eMaterial adquirido por donacióniC1291664l0o364.154 T112 CD-ROMp01056588r2023-05-04 00:00:00t2w2023-05-04yDIGITAL